000 00585nam a2200229Ia 4500
003 OSt
005 20220916111036.0
006 a|||||r|||| 00| 0
007 ta
008 220915b |||||||| |||| 00| 0 eng d
024 _a127361
037 _cTextbook
040 _beng
_aARTS
_cARTS
041 _aeng
082 _aV687:28wM64, J5
100 _aGoldsmith F H
245 0 _aJohn Ainsworth : Pioneer Kenya administratior 1864-1946
260 _c1955
650 _aHISTORY
942 _hV687:28wM64, J5
_cTB
_2CC
999 _c104329
_d104329